000 00522nam a2200193Ia 4500
005 20250508165624.0
008 008 250505s9999 xx 000 0 eng d
037 _aTextual
040 _aFEDL
_beng
_cFEDL
041 _aeng
_2eng
084 _a745.0954, DHA
_qFEDL
100 _aDhamija Jasleen
245 0 _aIndian folk arts and crafts
260 _aDelhi, India
_bNational Book Trust
_c1992
300 _a101p.
365 _aINR
_b54
942 _cTEXL
_h745.0954, DHA
999 _c1396259
_d1396259